Solids and liquids conveying systems

Enregistré dans:
Détails bibliographiques
Auteur principal: Bhatia, Mahesh V (Auteur)
Format: Livre
Langue:anglais
Publié: Westport Technomic 1982
Collection:Process Equipment Series, 4
Sujets:
Tags: Ajouter un tag
Pas de tags, Soyez le premier à ajouter un tag!

MARC

LEADER 00000nam a2200000 a 4500
001 UCV3622
003 CL-VaPUC
008 881201e19820000US |||||||||||||||||eng|d
082 0 4 |a 660.283  |b BHA  |2 21 
100 0 |a Bhatia, Mahesh V  |e author  |9 297876 
245 1 0 |a Solids and liquids conveying systems 
300 |a 254 p 
942 |c BK 
945 |d 19881201 00:00:00 
260 |a Westport  |b Technomic  |c 1982 
650 7 |a INGENIERIA QUIMICA  |2 CL-VaPUC  |9 8 
650 7 |a EQUIPO Y ACCESORIOS  |2 CL-VaPUC  |9 297877 
650 7 |a TRANSPORTADORAS MECANICAS  |2 CL-VaPUC  |9 259356 
650 0 |a Transporte hidráulico  |9 259357 
583 |a last modification  |c 19881201 00:00:00  |k Rodrigo Vera 
490 0 |a Process Equipment Series, 4 
999 |c 210773  |d 210771 
952 |0 0  |1 0  |4 0  |6 660_283000000000000_BHA_1982  |7 0  |8 A  |9 187407  |a BIBALI  |b BIBALI  |c GEN  |d 2019-11-14  |i 255027K  |o 660.283 BHA 1982  |p 255027K  |r 2025-01-20  |w 2019-11-14  |y BK  |k ALI 
952 |0 0  |1 0  |4 0  |6 660_283000000000000_BHA_1982  |7 0  |8 A  |9 187408  |a BIBING  |b BIBING  |d 2019-11-14  |i 2550288  |o 660.283 BHA 1982  |p 2550288  |r 2025-01-20  |w 2019-11-14  |y BK  |k EIB